Представление документа в формате RUSMARC

ПолеНазваниеЗначение
  Тип записи a
  Библиографический уровень a
001 Контрольный номер RU/CBS_UL/BASE/579da44a20894477a1f709a1d7bb010e
005 Дата корректировки 20251203140424.3
100 Данные общей обработки __
a Данные общей обработки 20251203 ||| 0rusy0189 ca
101 Язык документа 0_
a Язык текста rus
102 Страна публикации __
a Страна публикации RU
200 Заглавие и сведения об ответственности 1_
a Заглавие Ноябрь
e Сведения, относящиеся к заглавию [стихотворение]
f Первые сведения об ответственности И. Анненский
300 Общие примечания __
a Общие примечания 6+
461 Уровень набора _0
1 2000
a Детское чтение для сердца и разума
463 Уровень физической единицы _0
1 001RU/CBS_UL/BASE/5ef0d123d12b4533bdc7c5e77d2cde68
1 2000
a № 11
v С.
1 210
d 2025
606 Тематические рубрики 0_
a Основная рубрика Российская литература, 19-20 вв.
610 Ключевые слова 0_
a Ключевые слова российская литература; русская поэзия; поэзия; стихи
686 Индексы других классификаций __
a Классификационный индекс 84(2Рос=Рус)1
700 Автор _1
a Фамилия Анненский
b Имя (инициалы) И.
801 Источник записи _0
a Страна RU
b Организация МБУК ЦБС г. Ульяновска
c Дата составления 20251203
g Правила каталогизации RCR
801 Источник записи _1
a Страна RU
b Организация МБУК ЦБС г. Ульяновска
c Дата составления 20251203
g Правила каталогизации RCR
901 Тип документа __
t Тип документа b
w Контрольный № источника RU/CBS_UL/BASE/5ef0d123d12b4533bdc7c5e77d2cde68
909 Создатель записи __
a Создатель записи mbo